Counties of Lithuania in 1923 on a Map - Statistics

General Stats
  • This quiz has been taken 69 times
  • The average score is 10 of 35
Answers on the Map
Answers color-coded by a green-red scale on the quiz's map according to % correct below.
 
Answer Stats
N Answer % Correct
2 Vilnius
98%
2 Vilnius-Trakai
96%
1 Kaunas
91%
1 Klaipėda
83%
1 Šiauliai
50%
1 Panevėžys
46%
1 Alytus
43%
1 Marijampolė
43%
1 Trakai
37%
1 Tauragė
35%
1 Telšiai
33%
1 Utena
33%
1 Mažeikiai
20%
1 Šilutė
20%
1 Ukmergė
20%
1 Biržai–Pasvalys
17%
1 Kėdainiai
17%
1 Kretinga
17%
1 Rokiškis
17%
2 Suvalkai
17%
1 Vilkaviškis
15%
1 Zarasai
15%
2 Gardinas
13%
1 Raseiniai
13%
1 Šakiai
13%
1 Sejny
13%
2 Sejny (Poland)
13%
2 Lyda
11%
1 Pagėgiai
11%
2 Švenčionys
11%
2 Augustavas
9%
2 Breslauja
9%
2 Ašmena
7%
2 Sokùlka
2%
2 Valažinas
2%
No matching quizzes found
Score Distribution
Percent of People with Each Score
Percentile by Number Answered
Your Score History
You have not taken this quiz